000
00335nam a2200133Ia 4500
008
191201s2007 xx 000 0 und d
100
_a
PATIL, B.R.
245
0
_a
Collective Bargaining : Perspectives and Practices
250
_a
Rep
260
_a
Hyderabad
_b
University Press
_c
2007
300
_a
539
650
_a
MBA
942
_2
ddc
_c
BK
999
_c
4679
_d
4679